Shells, nests, and other shelters. (Record no. 22435)

MARC details
000 -BAŞLIK
Sabit Uzunluktaki Kontrol Alanı 00548nam a22001817a 4500
003 - KONTROL NUMARASI KİMLİĞİ
Kontrol Alanı koha_MIRAKIL
005 - EN SON İŞLEM TARİHİ ve ZAMANI
Kontrol Alanı 20250604144233.0
008 - SABİT UZUNLUKTAKİ VERİ ÖGELERİ - GENEL BİLGİ
Sabit Alan 250604b eng||||| |||| 00| 0 eng d
020 ## - ISBN - ULUSLARARASI STANDART KİTAP NUMARASI
Isbn 9780736280631
040 ## - KATALOGLAMA KAYNAĞI
Özgün Kataloglama Kurumu TR-IsEVY
Kataloglama Dili tur
Çeviri Kurumu TR-IsEVY
082 ## - DEWEY ONU SINIFLAMA SİSTEMİ
Sınıflama Numarası 590 SHE
245 #0 - ESER ADI BİLDİRİMİ
Başlık Shells, nests, and other shelters.
260 ## - YAYIN, DAĞITIM, VB.
Yayın Yeri Hampton-Brown :
Yayınevi National Geographic School Publishing,
Yayın Tarihi 2011.
300 ## - FİZİKSEL TANIMLAMA
Sayfa, Cilt vb. 32 p. :
Diğer fiziki detaylar colour pictures ;
Boyutları 24 cm.
490 0# - DİZİ BİLDİRİMİ
Dizi Bildirimi Read on your own ;
Cilt Numarası book 8.
650 ## - KONU BAŞLIĞI EK GİRİŞ - KONU TERİMİ
Konusal terim veya coğrafi ad Nature.
Alt başlık biçimi Animals.
-- Nests.
942 ## - EK GİRİŞ ÖGELERİ (KOHA)
Source of classification or shelving scheme Dewey Decimal Classification
Koha item type Kitap
Holdings
Kayıp Durumu Sınıflandırma Kaynağı Hasarlı Durumu Koleksiyon Kodu Kalıcı Konum Mevcut Konum Kayıt Tarih Edinim Kaynağı Toplam Ödünçverme Yer Numarası Demirbaş Numarası Son Görülme Tarihi Fatura Tarihi Materyal Türü
  Dewey Decimal Classification   İlkokul İLKOKUL KÜTÜPHANESİ İLKOKUL KÜTÜPHANESİ 04/06/2025 Bağış   590 SHE 23748 04/06/2025 04/06/2025 Kitap